| 000 | 01408cam a22002655a 4500 | ||
|---|---|---|---|
| 001 | L142350 | ||
| 008 | 080207s2007 xxkad f fs 000 0 eng d | ||
| 020 | _a9781859421741 | ||
| 035 | _a(Sirsi) u142350 | ||
| 041 | 0 | _aeng | |
| 050 | 0 | 4 | _a693.71 $2 18 |
| 110 | 2 |
_aBritish Constructional Steelwork Association Ltd _91560 |
|
| 245 | 0 | 0 | _aHandbook of Structural Steelwork |
| 250 | _a4th ed. | ||
| 260 |
_aLondon _aAscot _bBCSA _bSteel Construction Institute _c2007 |
||
| 300 |
_a381p. _c21cm. |
||
| 505 | 2 | _aGeneral design considerations -- Local resistance of cross-sections -- Beams -- Members in tension and compression -- Trusses -- General design data -- Explanatory notes -- Section and steel grade designations -- Tables of dimensions and gross section properties -- Member capacities -- Bolt capacities -- Welds | |
| 520 | _aProvides a practical guide to designing structural steel elements for buildings. Contains technical design data and design tables as well as a section offering general guidance. Includes bending movement diagrams, shear force diagrams and expressions for deflection calculation. Produced in accordance with BS5950-1:2000. Fourth edition includes a new range of sections. | ||
| 521 | 2 | _aExpert | |
| 590 | _aKA | ||
| 651 | 4 | _aInternational | |
| 690 | _aBUILT ENVIRONMENT-BUILDING ELEMENTS | ||
| 690 | _aBUILT ENVIRONMENT-BUILDING MATERIALS-METAL-STEEL | ||
| 942 | _n0 | ||
| 999 |
_c107868 _d107868 |
||